| 000 | 00647nam a22002537a 4500 | ||
|---|---|---|---|
| 001 | 32542 | ||
| 003 | UA-OsUOA | ||
| 005 | 20220717144335.0 | ||
| 007 | ta | ||
| 008 | 20050204b un ||||| |||| 00| 0 ukr d | ||
| 020 | _a5-02-011938-5 | ||
| 040 |
_aUA-OsUOA _brus _cUA-OsUOA _dUA-OsUOA |
||
| 041 | _arus | ||
| 044 | _aRU | ||
| 080 | _a33 | ||
| 090 |
_a33 _bД14 |
||
| 100 | _aДадаян В. С. | ||
| 245 |
_aОрбиты планетарной экономики _cВ. С. Дадаян ; отв.ред. В. Л. Макаров |
||
| 260 |
_aМ. _bНаука _c1989 |
||
| 300 | _a192 с. | ||
| 650 | 7 | _2UDC | |
| 942 |
_cBK _2udc |
||
| 955 | _a0 | ||
| 999 |
_c318987 _d318987 |
||